St. Francis of Assisi: (Record no. 13673)

000 -LEADER
fixed length control field 00809nam a2200181 a 4500
001 - CONTROL NUMBER
control field :::00011496$&:&@@
003 - CONTROL NUMBER IDENTIFIER
control field OkBaRHE
005 - DATE AND TIME OF LATEST TRANSACTION
control field 20000607103409.0
008 - FIXED-LENGTH DATA ELEMENTS--GENERAL INFORMATION
fixed length control field s1963 j 000 0 eng u
040 ## - CATALOGING SOURCE
Transcribing agency
100 1# - MAIN ENTRY--PERSONAL NAME
Personal name Francesco d'Assisi, 1182-1226.
245 10 - TITLE STATEMENT
Title St. Francis of Assisi:
Remainder of title first and second life of St. Francis, with selections from Treatise on the miracles of Blessed Francis.
Statement of responsibility, etc By Thomas of Celano. Translated from the Latin with introduction and footnotes by Placid Hermann.
260 ## - PUBLICATION, DISTRIBUTION, ETC. (IMPRINT)
Place of publication, distribution, etc Chicago, IL., :
Name of publisher, distributor, etc Franciscan Herald Press
Date of publication, distribution, etc 1963
300 ## - PHYSICAL DESCRIPTION
Extent xxx, 245 p. : illus., ports., map, facsims. ;
Dimensions 29 cm.
700 ## - ADDED ENTRY--PERSONAL NAME
Personal name Hermann, Placid, Ed. and tr.
942 ## - ADDED ENTRY ELEMENTS (KOHA)
Source of classification or shelving scheme
Koha item type Books
Copies
Koha item type Date checked out Barcode Withdrawn status Damaged status Current Location Copy number Source of classification or shelving scheme Full call number Total Checkouts Date acquired Date last seen Not for loan Shelving location Lost status Permanent Location Price effective from
Books2012-02-2911496  RHEMA Bible Training College1 BX 4700 .F68E4912010-04-142012-03-16 General Stacks RHEMA Bible Training College2010-04-14